000
00286nam a22001097a 4500
008
170125b xxu||||| |||| 00| 0 eng d
020
_a
9780721659060
041
_a
eng
080
_2
618.2
_a
618.2
245
_a
NURSE'S GUIDE TO CARDIAC RHYTHM INTERPRETATION
_c
PAUL & HEBRA
942
_2
udc
_c
BK
999
_c
3649
_d
3649